People at work

Bibliographic Details
Format: Book
Published: London : Moonlight Publishing , 1993
Series:Moonlight first encyclopedia
Subjects:

MARC

LEADER 00000cam a2200000 7i4500
001 0000001321
002 000001456
005 20060209.0
020 |a 1851031766 
090 0 0 |a 030   |b MOO 
245 0 0 |a People at work   |c Dominique Joly et-al 
260 |a London :   |b Moonlight Publishing ,   |c 1993 
300 |a 77p. :   |b ill. ;   |c 30cm. 
490 0 |a Moonlight first encyclopedia 
650 0 0 |a Work environment 
999 |a 032788   |b BUKU   |c JUNIOR BOOKS   |e PERPUSTAKAAN KOMUNITI PETALING JAYA